| 000 | 00457nam a2200181Ia 4500 | ||
|---|---|---|---|
| 003 | LK-CoDNM | ||
| 008 | 010623t1979 xxu||||| |||| 00| 1 sin d | ||
| 040 |
_aLK-CoDNM _dLK-CoDNM _eLK-CoDNM |
||
| 041 | _asin | ||
| 080 |
_a(x)342.4 _bSUR |
||
| 100 | _aSuriyarachchi,Nandasena | ||
| 245 | _aනව ජන රජ පනත | ||
| 246 | _aNawa Jana Raja Panatha | ||
| 260 |
_bPubudu _aColombo _c1979 |
||
| 300 | _bp.61, 21 cm | ||
| 650 | _aAct | ||
| 942 | _cBK | ||
| 999 |
_c110984 _d110984 |
||